Les plus longs règnes de l'histoire - Statistics

General Stats
  • This quiz has been taken 14 times
  • The average score is 2 of 10
Answer Stats
Hint Réponse % Correct
France : 1643-1715 Louis XIV
86%
Grande Bretagne : 1952-2022 Élisabeth II
71%
Empire Britannique : 1837-1901 Victoria
43%
Thaïlande : 1946-2016 Rama IX
7%
Royaume des Deux-Siciles : 1759-1825 Ferdinand Ier
0%
Sultanat de kedah : 1710-1778 Adilin II
0%
Cité Maya de Copán : 628-695 Chan Imix K'awiil
0%
Autriche-Hongrie : 1848-1916 François-Joseph Ier
0%
Liechtenstein : 1858-1929 Jean II
0%
Cité Maya de Palenque : 615-683 Pakal Ier
0%
No matching quizzes found
Score Distribution
Percent of People with Each Score
Percentile by Number Answered
Your Score History
You have not taken this quiz